| 000 | 00944cab a22001815a 4500 | ||
|---|---|---|---|
| 001 | L144486 | ||
| 008 | 080722s2008 xxkdo f s 000 0 eng d | ||
| 035 | _a(Sirsi) u144486 | ||
| 041 | 0 | _aeng | |
| 100 | 1 | _aPaice, Catherine | |
| 245 | 0 | 4 |
_aThe land market 2007 _bthe last six months |
| 260 | _c2008 | ||
| 490 |
_aFarmland Market _v(69) Summer 2008, 4-5(2) |
||
| 520 | _aArticle looks at the significant increases in the value of the rural land market over the last six months of 2007 (27.9% overall). Factors affecting this included rising commodity prices, changing attitudes towards food production and an imbalance between supply and demand. Suggests that early indications of a 10-15% increase in rural land values for 2008 might be overly conservative considering current market conditions. | ||
| 651 | 4 |
_aUnited Kingdom _y |
|
| 690 | _aPROPERTY-RURAL AND NATURAL ASSETS-AGRICULTURAL PROPERTY-AGRICULTURAL PROPERTY MARKET | ||
| 942 | _n0 | ||
| 999 |
_c80486 _d80486 |
||